000 00298nam a22001337a 4500
008 170419b xxu||||| |||| 00| 0 eng d
020 _a0808744232
041 _aeng
080 _a573
100 _a11
101 _aSHM
245 _aANLYTICAL PROBLEMS IN BIOLOGY
_cDONOVAN.M.P
942 _2udc
_cBK
999 _c11289
_d11289